000170297 001__ 170297
000170297 005__ 20260410165451.0
000170297 0247_ $$2doi$$a10.1016/j.jmaa.2026.130603
000170297 0248_ $$2sideral$$a148837
000170297 037__ $$aART-2026-148837
000170297 041__ $$aeng
000170297 100__ $$0(orcid)0000-0002-8173-1846$$aLaliena, Victor$$uUniversidad de Zaragoza
000170297 245__ $$aA class of nonselfadjoint spectral differential operators of interest in physics
000170297 260__ $$c2026
000170297 5060_ $$aAccess copy available to the general public$$fUnrestricted
000170297 5203_ $$aIt is shown that the nonselfadjoint (and non-normal) linear ordinary differential operators of a certain class are spectral operators of scalar type in the sense of Dunford and Bade. Operators of this kind appear in physical problems such as the scattering of spin waves by magnetic solitons.
000170297 536__ $$9info:eu-repo/grantAgreement/ES/DGA/E11-23R-M4$$9info:eu-repo/grantAgreement/ES/MICINN/AEI/PID2022-138492NB-I00-XM4
000170297 540__ $$9info:eu-repo/semantics/openAccess$$aby-nc-nd$$uhttps://creativecommons.org/licenses/by-nc-nd/4.0/deed.es
000170297 655_4 $$ainfo:eu-repo/semantics/article$$vinfo:eu-repo/semantics/publishedVersion
000170297 7102_ $$12005$$2595$$aUniversidad de Zaragoza$$bDpto. Matemática Aplicada$$cÁrea Matemática Aplicada
000170297 773__ $$g560, 1 (2026), 130603 [31 pp.]$$pJ. math. anal. appl.$$tJOURNAL OF MATHEMATICAL ANALYSIS AND APPLICATIONS$$x0022-247X
000170297 8564_ $$s1550930$$uhttps://zaguan.unizar.es/record/170297/files/texto_completo.pdf$$yVersión publicada
000170297 8564_ $$s1816903$$uhttps://zaguan.unizar.es/record/170297/files/texto_completo.jpg?subformat=icon$$xicon$$yVersión publicada
000170297 909CO $$ooai:zaguan.unizar.es:170297$$particulos$$pdriver
000170297 951__ $$a2026-04-10-13:46:05
000170297 980__ $$aARTICLE